Southville International School and Colleges
Your cart is empty.
  • Cart
  • Lists
    Public lists Eva Luna New books Lux_list list_1
    Your lists Log in to create your own lists
  • Log in to your account
  • Your cookies
  • Search history
Southville International School and Colleges
  • Advanced search
  • Recent comments
  • Most popular
  • Libraries

Log in to your account

Log in with GOOGLE


If you do not have an external account, but do have a local account, you can still log in:

  1. Home
  2. MARC view: The Story of the Great War, Volume 5 :
Normal view MARC view ISBD view

The Story of the Great War, Volume 5 : (Record no. 258596)

[ view plain ]
MARC details
000 -LEADER
fixed length control field 00925cam a22002533a 4500
001 - CONTROL NUMBER
control field 29341
003 - CONTROL NUMBER IDENTIFIER
control field PGUSA
005 - DATE AND TIME OF LATEST TRANSACTION
control field 20140828083632.0
008 - FIXED-LENGTH DATA ELEMENTS--GENERAL INFORMATION
fixed length control field 090707s2009||||xxu|||||s|||||000 | eng d
040 ## - CATALOGING SOURCE
Original cataloging agency PGUSA
Language of cataloging eng
042 ## - AUTHENTICATION CODE
Authentication code dc
050 #4 - LIBRARY OF CONGRESS CALL NUMBER
Classification number D501
245 14 - TITLE STATEMENT
Title The Story of the Great War, Volume 5 :
Remainder of title Battle of Jutland Bank; Russian Offensive; Kut-El-Amara; East Africa; Verdun; The Great Somme Drive; United States and Belligerents; Summary of Two Years' War
Medium [electronic resource]
260 ## - PUBLICATION, DISTRIBUTION, ETC. (IMPRINT)
Name of publisher, distributor, etc Project Gutenberg,
Date of publication, distribution, etc 2009
506 ## - RESTRICTIONS ON ACCESS NOTE
Terms governing access Public domain in the USA.
516 ## - TYPE OF COMPUTER FILE OR DATA NOTE
Type of computer file or data note Electronic text
653 ## - INDEX TERM--UNCONTROLLED
Uncontrolled term World War, 1914-1918
700 1# - ADDED ENTRY--PERSONAL NAME
Personal name Reynolds, Francis J.
Fuller form of name (Francis Joseph),
Dates associated with a name 1867-1937
700 1# - ADDED ENTRY--PERSONAL NAME
Personal name Churchill, Allen L.
Fuller form of name (Allen Leon),
Dates associated with a name 1873-
700 1# - ADDED ENTRY--PERSONAL NAME
Personal name Miller, Francis Trevelyan,
Dates associated with a name 1877-1959
830 #0 - SERIES ADDED ENTRY--UNIFORM TITLE
Uniform title Project Gutenberg
Volume number/sequential designation 29341
856 40 - ELECTRONIC LOCATION AND ACCESS
Uniform Resource Identifier <a href="http://www.gutenberg.org/ebooks/29341">http://www.gutenberg.org/ebooks/29341</a>
942 ## - ADDED ENTRY ELEMENTS (KOHA)
Koha item type eBooks
Holdings
Withdrawn status Lost status Damaged status Home library Current library Date acquired Total Checkouts Date last seen Price effective from Koha item type
      Project Gutenberg Project Gutenberg 08/28/2014   08/28/2014 08/28/2014 eBooks

The Story of the Great War, Volume 5 :

APA

Reynolds F. J., Churchill A. L. & Miller F. T. (2009). The Story of the Great War, Volume 5. : Project Gutenberg.

Chicago

Reynolds Francis J, Churchill Allen L and Miller Francis Trevelyan. 2009. The Story of the Great War, Volume 5. : Project Gutenberg.

Harvard

Reynolds F. J., Churchill A. L. and Miller F. T. (2009). The Story of the Great War, Volume 5. : Project Gutenberg.

MLA

Reynolds Francis J, Churchill Allen L and Miller Francis Trevelyan. The Story of the Great War, Volume 5. : Project Gutenberg. 2009.

  • Place hold
  • Print
  • Cite
  • Add to your cart (remove)
  • Save record
    BIBTEX Dublin Core MARCXML MARC (non-Unicode/MARC-8) MARC (Unicode/UTF-8) MARC (Unicode/UTF-8, Standard) MODS (XML) RIS
  • More searches
    Search for this title in:
    Other Libraries (WorldCat) Other Databases (Google Scholar) Online Stores (Bookfinder.com) Open Library (openlibrary.org)

Exporting to Dublin Core...

SOUTHVILLE LIBRARY

Southville International School and Colleges Library

1281 Tropical Ave. Cor. Luxembourg St., BF Homes International, Las Pinas City

Tel. No. 8256374 / 252358 Loc. 117/146

Powered by Koha